[Event "It (a)"]
[Site "masterchessopen.com Budapest (Hungary)"]
[Round "3"]
[White "Almasi Istvan (HUN)"]
[Black "Lengyel Bela (HUN)"]
[Result "1-0"]
[WhiteElo "2430"]
[BlackElo "2385"]

1.Nf3 d5 2.d4 Nf6 3.c4 e6 4.g3 dxc4 5.Bg2 Be7 6.O-O O-O 7.Qc2 a6 8.a4 Nbd7
9.Nbd2 c5 10.dxc5 Bxc5 11.Nxc4 Qe7 12.Bf4 Nd5 13.Bg5 f6 14.Bd2 Nb4 15.Qe4 Re8
16.a5 Nc6 17.Rfc1 Ba7 18.b4 Nf8 19.Rab1 Bd7 20.b5 axb5 21.Rxb5 Reb8 22.Rcb1
Be8 23.R1b2 Bg6 24.Qf4 e5 25.Qg4 h5 26.Qh3 Bf7 27.Ne3 Qd8 28.Nf5 e4 29.N3h4
Bc4 30.Rxb7 Rxb7 31.Rxb7 Ne6 32.Bc3 Qd1+ 33.Bf1 Rb8 34.Ne7+ Nxe7 35.Rxe7 Ng5
36.Qf5 Bf7 37.Rxa7 {#r} 1-0

[Event "Czech League 1996/97 (1st) (c)"]
[Site "masterchessopen.com Czech Republic"]
[Round "0"]
[White "Vorisek Jaroslav (CZE)"]
[Black "Petras Jan (CZE)"]
[Result "1-0"]
[WhiteElo "2238"]
[BlackElo "2085"]

1.d4 Nf6 2.c4 e6 3.Nf3 d5 4.g3 dxc4 5.Bg2 Be7 6.Qa4+ Nbd7 7.O-O a6 8.Qxc4 Rb8
9.Bf4 Nd5 10.Bd2 b5 11.Qb3 c5 12.e4 c4 13.Qd1 Nb4 14.Bf4 Rb6 15.Ne1 Nf6 16.Nc3
O-O 17.a3 Nc6 18.d5 exd5 19.e5 Ng4 20.Nxd5 Ngxe5 21.Qe2 Ng6 22.Bc7 {#r} 1-0

[Event "Verbandsliga North 1997/98"]
[Site "masterchessopen.com Germany"]
[Round "0"]
[White "Birnbaum Detlev (FRA)"]
[Black "Leibbrand Udo-Manfred (GER)"]
[Result "1-0"]
[WhiteElo "2148"]
[BlackElo "2123"]

1.d4 Nf6 2.c4 e6 3.g3 d5 4.Bg2 Be7 5.Nf3 dxc4 6.O-O Bd7 7.Ne5 Bc6 8.Nxc6 Nxc6
9.Qa4 O-O 10.e3 Nd5 11.Qxc4 Qd7 12.Nd2 Rab8 13.Nb3 Rfd8 14.Bd2 b5 15.Qe2 Rb6
16.Rac1 b4 17.Rc2 Nb8 18.Rfc1 c6 19.e4 Nf6 20.Bf4 Qb7 21.Na5 Qa6 22.Qxa6 Rxa6
23.Bxb8 Rxb8 24.Nxc6 Re8 25.Bf1 Rb6 26.Nxe7+ Rxe7 27.Rc8+ Ne8 28.R1c5 g6
29.Bb5 Kf8 30.e5 a6 31.Ba4 Rbb7 32.Kf1 {#r} 1-0

[Event "Cup Russia (open)"]
[Site "masterchessopen.com Kstovo (Russia)"]
[Round "2"]
[White "Gleizerov Evgeny (RUS)"]
[Black "Akhmadeev Vadim (RUS)"]
[Result "1-0"]
[WhiteElo "2560"]
[BlackElo "2440"]

1.d4 d5 2.c4 e6 3.Nf3 Nf6 4.g3 dxc4 5.Bg2 Be7 6.Qa4+ Bd7 7.Qxc4 Bc6 8.Nc3 O-O
9.O-O a6 10.Qd3 b5 11.Bg5 Nbd7 12.a3 Bb7 13.b4 h6 14.Bxf6 Nxf6 15.Ne5 Bxg2
16.Kxg2 Bd6 17.Nc6 Qe8 18.Qf3 e5 19.dxe5 Bxe5 20.Rac1 Qe6 21.Rfd1 Rfe8 22.Nd5
Nxd5 23.Rxd5 Bf6 24.Rc2 Qe4 25.Rdc5 Re6 26.Qxe4 Rxe4 27.Na5 Re7 28.Nc6 Rd7
29.e4 Bd4 30.Rd5 Rxd5 31.Ne7+ Kh7 32.Nxd5 Re8 33.Kf3 Be5 34.Ke3 Bd6 35.f4 f6
36.Rc6 Rc8 37.Kd4 Ra8 38.e5 fxe5+ 39.fxe5 Bf8 40.e6 a5 41.e7 {#r} 1-0

[Event "It (open)"]
[Site "masterchessopen.com New York (USA)"]
[Round "8"]
[White "Psakhis Lev (ISR)"]
[Black "Stefansson Hannes (ISL)"]
[Result "1-0"]
[WhiteElo "2565"]
[BlackElo "2545"]

1.d4 Nf6 2.c4 e6 3.g3 d5 4.Nf3 dxc4 5.Bg2 Be7 6.Qa4+ Bd7 7.Qxc4 Bc6 8.Nc3 O-O
9.O-O Nbd7 10.Re1 Ne4 11.Bf4 Bd6 12.Bxd6 Nxd6 13.Qb3 Bxf3 14.Bxf3 c6 15.Rad1
Qb6 16.Qc2 Qa5 17.Bg2 Rad8 18.Rd3 c5 19.dxc5 Nxc5 20.Rd4 Nf5 21.Rc4 Qb6 22.Nd5
exd5 23.Rxc5 Ne7 24.Rc1 h6 25.a3 Rc8 26.Rxc8 Rxc8 27.Qd2 Rc6 28.Bf3 Qc7 29.Rd1
Rc2 30.Qd4 Nc6 31.Qxd5 Rxb2 32.Qf5 g6 33.Qf6 Rb6 34.Bxc6 {#r} 1-0

[Event "Ch Yugoslavia (open)"]
[Site "masterchessopen.com Nis (Yugoslavia)"]
[Round "6"]
[White "Ilincic Zlatko (SRB)"]
[Black "Tosic Miroslav (SRB)"]
[Result "0-1"]
[WhiteElo "2545"]
[BlackElo "2420"]

1.d4 Nf6 2.c4 e6 3.Nf3 d5 4.g3 dxc4 5.Bg2 Be7 6.O-O O-O 7.Qc2 a6 8.a4 Nc6
9.Qxc4 Na5 10.Qc2 Nd5 11.Bd2 Nb4 12.Bxb4 Bxb4 13.Rc1 Bd7 14.Ne5 Rc8 15.Nd3 Qe7
16.Nxb4 Qxb4 17.Qc3 Qxc3 18.Rxc3 Rfd8 19.e3 Bc6 20.b4 Bxg2 21.Kxg2 Nc6 22.b5
Nb4 23.bxa6 Nxa6 24.Na3 c5 25.Rac1 b6 26.Rc4 Ra8 27.Nb5 g6 28.Rb1 Kg7 29.Kf3
Rd5 30.Nc3 Rd6 31.Ne4 Rc6 32.Ke2 Rac8 33.dxc5 bxc5 34.Rb5 R8c7 35.a5 f5 36.Nc3
Kf6 37.Na4 Ke7 38.h4 Kd6 39.Rb1 Nb4 40.Rd1+ Ke7 41.Rdc1 Kd6 42.f3 Na6 43.e4
fxe4 44.fxe4 Ke5 45.Ke3 Kd6 46.Kf4 Rf7+ 47.Kg5 Rf3 48.g4 e5 49.Rd1+ Ke7 50.Nb6
Nc7 51.Nd5+ Kf7 52.Nxc7 Rxc7 53.h5 gxh5 54.gxh5 Rc6 55.Rd7+ Kg8 56.Rd8+ Kf7
57.Rd7+ Kg8 58.Rd5 h6+ 59.Kh4 Rcf6 60.Rd8+ Kf7 61.Rd7+ Kf8 62.Rd8+ Ke7 63.Rg8
Rf1 64.Rg2 R6f4+ 65.Kh3 Rh1+ 66.Rh2 Ra1 67.Rhc2 Rxa5 68.R2c3 Kd6 69.Rg3 Kc6
70.Rg6+ Kb5 71.Rc2 Ra3+ 72.Kg2 Rxe4 73.Rxh6 Rg4+ 74.Kf1 Rh3 75.Rg2 Rd4 {#R}
0-1

[Event "Ch Slovakia (team) 1997/98 (1 liga) West"]
[Site "masterchessopen.com Slovakia"]
[Round "4"]
[White "Blaho Stefan (SVK)"]
[Black "Valach Boris (SVK)"]
[Result "1-0"]
[WhiteElo "2113"]
[BlackElo "2075"]

1.d4 Nf6 2.Nf3 d5 3.c4 dxc4 4.g3 e6 5.Bg2 Be7 6.O-O O-O 7.Qc2 a6 8.a4 Nc6
9.Qxc4 Qd5 10.Qd3 Rd8 11.Nc3 Qh5 12.Rd1 e5 13.d5 e4 14.Nxe4 Nxd5 15.Qb3 Be6
16.Bd2 Ndb4 17.Qc3 Bd5 18.Nc5 Bf6 19.Qc1 Bb3 20.Rf1 Nc2 21.Ne4 Be7 22.Rb1 Rd7
23.Bc3 Rad8 24.Ned2 Bxa4 25.b3 Bb5 26.Qxc2 Bxe2 27.Rfe1 Bd3 28.Qb2 Bxb1
29.Rxb1 Bb4 30.Re1 Bxc3 31.Qxc3 h6 32.Nf1 Qb5 33.Ne5 Nxe5 34.Rxe5 Qb6 35.Ne3
Rd3 36.Re8+ Rxe8 37.Qxd3 Rb8 38.Nf5 Qf6 39.h4 Rd8 40.Qe4 b6 41.Ne7+ Kf8 42.Nd5
Qd6 43.Qh7 f6 44.Bf3 Qe6 45.Nxc7 Qxb3 46.Bg4 Rd6 47.Qe4 Qf7 48.Ne6+ Rxe6
49.Bxe6 Qc7 50.h5 a5 51.Bf5 b5 52.Bg6 Qc8 53.Qd5 Qc1+ 54.Kh2 Ke7 55.Qxb5 Qd2
56.Kg2 Kd6 57.Qe8 Qc3 {#r} 1-0

[Event "Ch Spain (juniors)"]
[Site "masterchessopen.com Spain"]
[Round "7"]
[White "Fernandez Garcia Miguel A (ESP)"]
[Black "Lopez Martinez Josep Manuel (ESP)"]
[Result "0-1"]
[WhiteElo "2318"]
[BlackElo "2255"]

1.d4 Nf6 2.c4 e6 3.Nf3 d5 4.g3 dxc4 5.Bg2 Be7 6.O-O O-O 7.Qc2 b5 8.a4 c6
9.axb5 Nd5 10.bxc6 Nxc6 11.Qxc4 Bb7 12.Bd2 Qd7 13.Bc3 Rfc8 14.Qd3 a5 15.Rc1 a4
16.Qd1 Ba6 17.Nbd2 Bb5 18.e4 Nxc3 19.bxc3 a3 20.Bf1 Ba4 21.Qe1 Na5 22.Qe3 Rab8
23.Ne5 Qa7 24.Nec4 Nxc4 25.Bxc4 Rb2 26.Ba2 Qa6 27.c4 Bb4 28.Nf3 Qa5 29.c5 Bb5
30.d5 exd5 31.exd5 Re8 32.Qf4 Qa7 33.d6 Rd2 34.Ne5 Rxf2 35.Bxf7+ Kf8 36.Qxf2
{#R} 0-1

[Event "It (open) \"]
[Site "masterchessopen.com St. Petersburg (Russia)"]
[Round "3"]
[White "Marinin Viktor (RUS)"]
[Black "Bogachev Alexandr (RUS)"]
[Result "1-0"]
[WhiteElo "2275"]
[BlackElo "2068"]

1.d4 Nf6 2.c4 e6 3.g3 d5 4.Bg2 Be7 5.Nf3 dxc4 6.Nbd2 Nbd7 7.O-O Rb8 8.Nxc4 O-O
9.Bg5 h6 10.Bf4 Nd5 11.Bd2 b6 12.Rc1 Bb7 13.Nce5 Nxe5 14.Nxe5 c5 15.Qa4 Qd6
16.e4 Nf6 17.Bf4 Qxd4 18.Qxa7 Bxe4 19.Bxe4 Qxe4 20.Qxe7 Rb7 21.Qd6 Nd5 22.Rc4
Qe2 23.Bxh6 Rc8 24.Rg4 g6 25.Rh4 Qxb2 26.Nxg6 Qf6 27.Nf8 Rd8 28.Rg4+ Kh8
29.Qxd8 {#r} 1-0

[Event "Ch Iran"]
[Site "masterchessopen.com Arak (Iran)"]
[Round "3"]
[White "Bagheri Amir (FRA)"]
[Black "Toomanian Hamlet (IRI)"]
[Result "1-0"]
[WhiteElo "2405"]
[BlackElo "2260"]

1.Nf3 e6 2.g3 Nf6 3.Bg2 Be7 4.c4 d5 5.d4 dxc4 6.Qa4+ Bd7 7.Qxc4 Bc6 8.Nc3 a6
9.Qd3 Nbd7 10.Bg5 b5 11.a3 Bb7 12.b4 c6 13.O-O a5 14.Ne5 Nxe5 15.dxe5 Qxd3
16.exd3 Nd5 17.Bxd5 exd5 18.Bxe7 Kxe7 19.Ne2 Ra6 20.Nd4 g6 21.Rac1 axb4
22.axb4 Rc8 23.Nb3 Rc7 24.Nc5 Ra7 25.Ra1 Bc8 26.f4 Be6 27.Kf2 d4 28.Kf3 Bd5+
29.Kg4 Ba2 30.f5 gxf5+ 31.Kxf5 Rc8 32.Kg5 Raa8 33.Rf4 Rd8 34.Rh4 Rd5 35.Kf4
Rxc5 36.bxc5 b4 37.Re1 b3 38.e6 Rh8 39.Re2 Bb1 40.exf7+ Kxf7 41.Rb2 Bc2 42.Ke5
Rd8 43.Rxd4 Re8+ 44.Kf4 Re6 45.Rd7+ Kf8 46.Rxh7 Bxd3 47.Rh8+ Kg7 48.Rxb3 {#r}
1-0

[Event "Staatsliga B South 1997/98"]
[Site "masterchessopen.com Austria"]
[Round "10"]
[White "Tabernig Bernhard (AUT)"]
[Black "Raffalt Manfred (AUT)"]
[Result "1-0"]
[WhiteElo "2330"]
[BlackElo "2127"]

1.d4 d5 2.c4 e6 3.Nf3 Nf6 4.g3 dxc4 5.Bg2 Be7 6.O-O O-O 7.Qc2 c5 8.dxc5 Na6
9.Qxc4 Nxc5 10.Nc3 Bd7 11.Ne5 Rc8 12.Nxd7 Nfxd7 13.Rd1 Qb6 14.Qb5 a6 15.Qxb6
Nxb6 16.Bf4 Rfd8 17.Rxd8+ Bxd8 18.b4 Ncd7 19.Rc1 Bf6 20.Ne4 Rxc1+ 21.Bxc1 Nd5
22.Nxf6+ N7xf6 23.Bd2 b5 24.e4 Nb6 25.Bc3 Nc4 26.Kf1 Kf8 27.Ke2 Ke7 28.f4 g6
29.Bd4 Ne8 30.e5 Kd7 31.Bb7 a5 32.a4 axb4 33.axb5 Na5 34.Be4 Nc7 35.Bb6 Nc4
36.Bc6+ Kc8 37.Bxc7 Kxc7 38.Kd3 Na3 39.Be8 Kd8 40.b6 b3 41.b7 Kc7 42.Kc3 Nc4
43.Bxf7 b2 44.Kc2 Kxb7 45.Bxe6 Ne3+ 46.Kxb2 Nf1 47.Bg8 h6 48.Bf7 Kc7 49.Bxg6
Nxh2 50.Bd3 Kd7 51.Be2 {#r} 1-0

[Event "It (open) \"]
[Site "masterchessopen.com Berlin (Germany)"]
[Round "7"]
[White "Jagodzinski Andreas (GER)"]
[Black "Arkhangelsky Boris (RUS)"]
[Result "0-1"]
[WhiteElo "2215"]
[BlackElo "2400"]

1.d4 Nf6 2.c4 e6 3.g3 d5 4.Bg2 Be7 5.Nf3 dxc4 6.O-O Nc6 7.Qa4 O-O 8.Qxc4 Qd5
9.Nbd2 Rd8 10.e3 Bd7 11.a3 a5 12.Qc2 Qh5 13.b3 Be8 14.Nc4 Nd7 15.Bb2 Bf6
16.Rac1 Ra6 17.e4 Nb6 18.e5 Be7 19.Ne3 f6 20.Rfd1 Raa8 21.exf6 Bxf6 22.Ne5 Nd5
23.Nxd5 exd5 24.f4 Bg6 25.Qd2 Bxe5 26.fxe5 Bf5 27.Rc5 Be6 28.Rf1 Rd7 29.Bc3 a4
30.bxa4 Rxa4 31.Bb2 Ra8 32.Qc2 h6 33.Bf3 Qg5 34.Re1 Rf8 35.Qg2 Ne7 36.a4 c6
37.a5 Rdd8 38.Rc2 Ra8 39.Bc3 Nf5 40.Rce2 Rf7 41.Rb2 Raf8 42.Bd2 Qg6 43.Be3
Nxd4 44.Bxd4 Rxf3 45.Rxb7 Qd3 46.Ba7 d4 47.Rb8 Rxb8 48.Bxb8 Bd5 49.Qh3 Qd2
{#R} 0-1

[Event "It (w)"]
[Site "masterchessopen.com Bucharest (Romania)"]
[Round "12"]
[White "Olarasu Gabriela (ROM)"]
[Black "Moshina Cristina (MDA)"]
[Result "1-0"]
[WhiteElo "2325"]
[BlackElo "2185"]

1.d4 d5 2.c4 e6 3.Nf3 Nf6 4.g3 Be7 5.Bg2 dxc4 6.Qa4+ Nbd7 7.Qxc4 a6 8.Qc2 O-O
9.O-O c5 10.a3 cxd4 11.Nxd4 Bc5 12.Nf3 Qe7 13.b4 Ba7 14.Bb2 e5 15.Nc3 Kh8
16.Ng5 h6 17.Nd5 Qd8 18.Nxf6 Nxf6 19.Nf3 Qe7 20.Bxe5 Ng4 21.Bd4 Bxd4 22.Nxd4
Qf6 23.e3 Ne5 24.Rac1 Rb8 25.Qe4 Rd8 26.Qf4 Qxf4 27.gxf4 Ng6 28.f5 Nh4 29.Be4
g6 30.Rc5 b6 31.Rd5 Re8 32.f3 gxf5 33.Bb1 Bb7 34.Rd6 Rg8+ 35.Kh1 Rg6 36.Rd7
Ba8 37.Rxf7 Rbg8 38.e4 fxe4 39.Bxe4 Bxe4 40.fxe4 Rd6 41.Nf5 Nxf5 42.R7xf5 Re6
43.e5 Rge8 44.Rf6 Rxf6 45.Rxf6 {#r} 1-0

[Event "Tournament \"]
[Site "masterchessopen.com Buenos Aires (Argentina)"]
[Round "7"]
[White "Ferrara Alexis (ARG)"]
[Black "Jolodovsky Alberto (ARG)"]
[Result "1-0"]
[WhiteElo "2209"]
[BlackElo "2091"]

1.d4 Nf6 2.Nf3 d5 3.c4 e6 4.g3 dxc4 5.Bg2 Be7 6.O-O O-O 7.Qc2 c5 8.Qxc4 cxd4
9.Nxd4 a6 10.Nc3 Nbd7 11.Rd1 Qa5 12.Nb3 Qb4 13.Qxb4 Bxb4 14.Bd2 e5 15.a3 Be7
16.Na5 Rb8 17.Rac1 Bd8 18.Na4 e4 19.b4 Re8 20.Bf4 Ra8 21.Nc4 Nh5 22.Nd6 Nxf4
23.gxf4 {#r} 1-0

[Event "Bayern Landesliga South"]
[Site "masterchessopen.com Germany"]
[Round "2"]
[White "Reilein Christian (GER)"]
[Black "Froehlich Peter (GER)"]
[Result "1-0"]
[WhiteElo "2266"]
[BlackElo "2270"]

1.d4 Nf6 2.Nf3 e6 3.g3 d5 4.Bg2 Be7 5.c4 dxc4 6.O-O O-O 7.Qc2 a6 8.Qxc4 b5
9.Qc2 Bb7 10.a4 Be4 11.Qd1 b4 12.Nbd2 Bd5 13.Qc2 Nbd7 14.e4 Bb7 15.e5 Nd5
16.Ne4 h6 17.g4 c5 18.g5 cxd4 19.gxh6 Rc8 20.Qd3 g6 21.Bd2 N5b6 22.Bf4 Bxe4
23.Qxe4 Nc5 24.Qe2 Nbxa4 25.Rab1 d3 26.Qe3 Nb6 27.Bg3 Nd5 28.Qd4 Kh7 29.Nd2
Bg5 30.Ne4 Nxe4 31.Bxe4 d2 32.h4 Bxh6 33.Rbd1 Nf4 34.Qxb4 Ne2+ 35.Kg2 Rb8
36.Qc4 Nxg3 37.fxg3 {#r} 1-0

[Event "Oberliga SW 1997/98"]
[Site "masterchessopen.com Germany"]
[Round "0"]
[White "Lorson Stefan (GER)"]
[Black "Schwing Hans-Elmar (GER)"]
[Result "0-1"]
[WhiteElo "2192"]
[BlackElo "2305"]

1.d4 Nf6 2.Nf3 e6 3.g3 d5 4.c4 dxc4 5.Bg2 Be7 6.O-O O-O 7.Qc2 a6 8.Qxc4 b5
9.Qc2 Bb7 10.Bf4 Nd5 11.Bd2 Nd7 12.Nc3 c5 13.e4 Nxc3 14.bxc3 Rc8 15.Qb1 Nb6
16.Rd1 cxd4 17.cxd4 Nc4 18.Bf4 Qb6 19.Rc1 Ba3 20.Rc3 Bb2 {#R} 0-1

[Event "Ch Havana (1/2 final)"]
[Site "masterchessopen.com Habana (Cuba)"]
[Round "0"]
[White "Hernandez Barbaro (CUB)"]
[Black "Perez Yosvanny (CUB)"]
[Result "0-1"]
[WhiteElo "2163"]
[BlackElo "2245"]

1.d4 d5 2.c4 dxc4 3.Nf3 Nf6 4.g3 e6 5.Bg2 Be7 6.O-O O-O 7.Qc2 a6 8.a4 Nc6
9.Qxc4 Nb4 10.Na3 b5 11.axb5 axb5 12.Qxb5 Nfd5 13.Qc4 Ba6 14.Qb3 Bxe2 15.Re1
Bxf3 16.Bxf3 Bf6 17.Bd2 Nc6 18.Be4 Nxd4 19.Qd3 g6 20.Rad1 Rb8 21.Bh6 Re8
22.Nc4 c5 23.h4 Rb3 24.Qd2 Qb8 25.Kg2 Rd8 26.Qc1 Rb4 27.h5 Nf5 28.Bd2 Rb5
29.hxg6 hxg6 30.Rh1 Bg7 31.Bxf5 exf5 32.Bh6 Qa8 33.Kg1 Bh8 34.Bf8 f4 35.Bd6
Bg7 36.Qd2 Nf6 37.Qxf4 Qa4 38.Kg2 Rb4 39.Qf3 Rxc4 40.b3 Qa6 41.Be7 Rxd1
42.Rxd1 Rd4 43.Rc1 Qe6 {#R} 0-1

[Event "Ch Hungary (team) 1997/98"]
[Site "masterchessopen.com Hungary"]
[Round "0"]
[White "Kerek Csaba (HUN)"]
[Black "Nagy Ervin (HUN)"]
[Result "0-1"]
[WhiteElo "2365"]
[BlackElo "2350"]

1.d4 d5 2.Nf3 Nf6 3.c4 dxc4 4.g3 e6 5.Bg2 Be7 6.Ne5 O-O 7.O-O Qd6 8.Nxc4 Qa6
9.Qc2 Nc6 10.Rd1 Rd8 11.e3 Nb4 12.Qb3 c5 13.Bd2 b5 14.Ne5 Bb7 15.dxc5 Bxc5
16.Na3 Bxg2 17.Kxg2 Qb7+ 18.Kg1 a5 19.Bxb4 Bxb4 20.Nc2 Bd6 21.Nc4 Bc5 22.a4
Rxd1+ 23.Rxd1 Qf3 {#R} 0-1

[Event "It (open)"]
[Site "masterchessopen.com Ljubljana (Slovenia)"]
[Round "5"]
[White "Boric Muhamed (BIH)"]
[Black "Cirkvencic Franci (SLO)"]
[Result "1-0"]
[WhiteElo "2400"]
[BlackElo "2191"]

1.d4 Nf6 2.Nf3 e6 3.g3 d5 4.Bg2 Be7 5.c4 dxc4 6.Qc2 a6 7.a4 O-O 8.O-O Nbd7
9.Nbd2 Nd5 10.Nxc4 Nb4 11.Qb3 Rb8 12.Bd2 Nc6 13.Rfc1 Nf6 14.e3 Ne4 15.Be1 Bd7
16.Qc2 Nd6 17.Nce5 Be8 18.Nd3 Rc8 19.Nc5 Nb8 20.Ne5 c6 21.Qb3 b6 22.Ncd3 a5
23.Qa2 Kh8 24.b4 f6 25.Nc4 Nxc4 26.Qxc4 axb4 27.Bxb4 Bxb4 28.Qxb4 c5 29.Qa3
Bg6 30.Nf4 Qd6 31.Nxg6+ hxg6 32.a5 bxa5 33.dxc5 Qd2 34.Bb7 Rc7 35.c6 Rd8
36.Qxa5 Qxa5 37.Rxa5 Kg8 38.Rb5 Kf8 39.Rb6 Ke7 40.Rcb1 {#r} 1-0

[Event "It (open)"]
[Site "masterchessopen.com Metz (France)"]
[Round "4"]
[White "Taddei Benoit (FRA)"]
[Black "Levers Thierry (FRA)"]
[Result "1-0"]
[WhiteElo "2303"]
[BlackElo "1933"]

1.d4 d5 2.Nf3 Nf6 3.c4 e6 4.g3 Be7 5.Bg2 dxc4 6.O-O O-O 7.Na3 c5 8.Nxc4 Nc6
9.dxc5 Bxc5 10.Qc2 Qe7 11.a3 a5 12.b3 b5 13.Nce5 Bb7 14.Nd3 Bb6 15.Bb2 Rac8
16.Qd2 Rfd8 17.Qg5 Rd5 18.Nfe5 h6 19.Nxc6 Bxc6 20.Bxf6 Qxf6 21.Qxf6 gxf6
22.Bxd5 Bxd5 23.Rac1 Rxc1 24.Rxc1 Bxb3 25.Rc8+ Kg7 26.Rb8 Bd4 27.Rxb5 a4
28.Kf1 f5 29.Nc5 Bc4 30.Ra5 Bc3 31.Rxa4 Bb5 32.Ra7 Kf6 33.a4 Bc6 34.Nd7+ Kg5
35.f4+ Kh5 36.Ne5 {#r} 1-0

[Event "It (open)"]
[Site "masterchessopen.com Novokuznetsk (Russia)"]
[Round "3"]
[White "Duedin Sergei (RUS)"]
[Black "Kutischev Leonid (RUS)"]
[Result "1-0"]
[WhiteElo "2093"]
[BlackElo "2123"]

1.d4 e6 2.Nf3 d5 3.g3 Nf6 4.Bg2 Be7 5.c4 dxc4 6.Nc3 O-O 7.O-O Nc6 8.e4 a6 9.a4
Re8 10.Be3 b6 11.Qe2 Na5 12.Ne5 Bb7 13.f3 Rc8 14.Rad1 c5 15.dxc5 Qc7 16.Nxc4
Nxc4 17.Qxc4 Bxc5 18.Qe2 Bxe3+ 19.Qxe3 Qc5 20.Qxc5 Rxc5 21.Rd2 a5 22.Rfd1 Rcc8
23.Nb5 Rb8 24.Bf1 h6 25.Rd6 Ba8 26.Nc7 Rec8 27.Na6 Ne8 28.R6d2 Bc6 29.Nxb8
Rxb8 30.Bb5 Bxb5 31.axb5 Kf8 32.Rd8 Rxd8 33.Rxd8 Ke7 34.Rb8 Nd6 35.Rxb6 e5
36.Ra6 {#r} 1-0

[Event "It (open)"]
[Site "masterchessopen.com Pardubice (Czech Republic)"]
[Round "5"]
[White "Szekely Peter (HUN)"]
[Black "Kulhanek Tomas (CZE)"]
[Result "1-0"]
[WhiteElo "2465"]
[BlackElo "2340"]

1.Nf3 Nf6 2.c4 e6 3.g3 d5 4.Bg2 Be7 5.d4 dxc4 6.Qa4+ Bd7 7.Qxc4 Bc6 8.O-O O-O
9.Nc3 Bd5 10.Qd3 c5 11.Nxd5 Nxd5 12.Rd1 Nc6 13.dxc5 Bxc5 14.Ng5 Nf6 15.Qxd8
Rfxd8 16.Bd2 Bd4 17.Rab1 Rd7 18.e3 Bb6 19.Be1 Rad8 20.Rxd7 Rxd7 21.Kf1 h6
22.Ne4 Nxe4 23.Bxe4 f5 24.Bg2 e5 25.Bh3 g6 26.g4 Ne7 27.gxf5 gxf5 28.Ke2 Kf7
29.Bc3 Rd5 30.Bg2 e4 31.f3 exf3+ 32.Bxf3 Rd6 33.Rg1 Re6 34.Bh5+ Ng6 35.Rxg6
Rxg6 36.Kf3 {#r} 1-0

[Event "It (open)"]
[Site "masterchessopen.com Saint-Affrique (France)"]
[Round "3"]
[White "Flear Glenn C (ENG)"]
[Black "Le Quinio Alexis (FRA)"]
[Result "1-0"]
[WhiteElo "2450"]
[BlackElo "2124"]

1.d4 Nf6 2.c4 e6 3.g3 d5 4.Bg2 dxc4 5.Nf3 Be7 6.O-O O-O 7.Nc3 c5 8.dxc5 Nc6
9.Qa4 e5 10.Qxc4 Qa5 11.Be3 Ng4 12.Nd5 Nxe3 13.Nxe7+ Nxe7 14.fxe3 Be6 15.Qc2
f6 16.a3 Rac8 17.b4 Qb5 18.Rac1 a5 19.Ne1 axb4 20.axb4 Nd5 21.Bxd5 Bxd5 22.Qd3
Qd7 23.e4 Bc6 24.Qxd7 Bxd7 25.Kf2 Bc6 26.Ke3 Rfd8 27.Nf3 Ra8 28.Ra1 h6 29.Rfb1
Kf7 30.Rxa8 Rxa8 31.Nd2 Bb5 32.Rb2 Ra3+ 33.Kf2 Ke6 34.Nb1 Ra8 35.Nc3 Be8
36.Nd5 Rc8 37.Rd2 Rc6 38.Nb6 Bg6 39.Ke3 Bf7 40.Rd8 f5 41.exf5+ Kxf5 42.Rd7
{#r} 1-0

[Event "It"]
[Site "masterchessopen.com Villa del Parque"]
[Round "3"]
[White "Filgueira Hernan (ARG)"]
[Black "Quiroga Facundo (ARG)"]
[Result "0-1"]
[WhiteElo "2400"]
[BlackElo "2370"]

1.Nf3 Nf6 2.c4 e6 3.g3 d5 4.d4 dxc4 5.Bg2 Be7 6.O-O O-O 7.Na3 Bxa3 8.bxa3 Nc6
9.Bb2 Rb8 10.Qc2 b5 11.e4 Ne7 12.Rad1 Bb7 13.d5 exd5 14.exd5 Ng6 15.Nd4 Nxd5
16.Nxb5 c6 17.Nd4 Qa5 18.Nf5 c3 19.Bxd5 cxd5 20.Bxc3 Qc7 21.Qd2 f6 22.Bb4 Ne5
23.f4 Nc4 24.Qd4 Rfe8 25.Rfe1 a5 26.Bc5 Rbd8 27.Be7 Rc8 28.Re6 Qd7 29.Rde1 Rc6
30.Nh6+ gxh6 31.Qxf6 Rxe6 32.Rxe6 d4 33.Qxh6 Rxe7 {#R} 0-1

[Event "It (open)"]
[Site "masterchessopen.com Benasque (Spain)"]
[Round "10"]
[White "Sulava Nenad (CRO)"]
[Black "Beltran Rueda Santiago (ESP)"]
[Result "1-0"]
[WhiteElo "2467"]
[BlackElo "2344"]

1.d4 Nf6 2.c4 e6 3.g3 d5 4.Bg2 dxc4 5.Nf3 Be7 6.O-O O-O 7.Nc3 Nbd7 8.e4 a6
9.a4 c5 10.d5 exd5 11.e5 Ng4 12.Qxd5 Nb6 13.Qe4 Qd3 14.Qe1 Be6 15.h3 Nh6
16.Bxh6 gxh6 17.Rd1 Qg6 18.a5 Nd7 19.Nd5 Bxd5 20.Rxd5 Rad8 21.Nh2 Nb8 22.Rxd8
Rxd8 23.Bxb7 Qe6 24.Qe2 Nc6 25.Bxc6 Qxc6 26.Qxc4 Rb8 27.Ng4 Rxb2 28.Qc1 Rb5
29.Nxh6+ Kf8 30.Nf5 Qe6 31.g4 Rxa5 32.Re1 Ra4 33.Rd1 Rb4 34.Qe3 Rb8 35.Qe4 Kg8
36.Ne3 Bf8 37.Nd5 Bg7 38.f4 Qh6 39.Qf3 c4 40.g5 Qe6 41.Qc3 Kh8 42.Kf2 h6
43.gxh6 Qxh6 44.Qg3 Rb2+ 45.Kf1 Rb3 46.Nc3 Rb8 47.Ne4 Qh7 48.Nd6 Qc2 49.Qg4
Rb1 50.Qh5+ Kg8 51.Qxf7+ Kh8 52.Qh5+ Kg8 53.Rxb1 Qxb1+ 54.Kf2 Qb2+ 55.Kg3 Qb3+
56.Kh4 c3 57.Qe8+ Kh7 58.Nf7 Qd1 59.Ng5+ Kh6 60.Qe6+ {#r} 1-0

[Event "It (open) \"]
[Site "masterchessopen.com Copenhagen (Denmark)"]
[Round "9"]
[White "Rossen Claus (DEN)"]
[Black "Jonkman Harmen (NED)"]
[Result "1-0"]
[WhiteElo "2184"]
[BlackElo "2421"]

1.d4 d5 2.Nf3 Nf6 3.c4 dxc4 4.g3 e6 5.Bg2 Be7 6.O-O O-O 7.Nbd2 Bd7 8.Nxc4 Bc6
9.Nce5 Be4 10.Bg5 h6 11.Bxf6 Bxf6 12.e3 Na6 13.Qb3 Qd6 14.Rac1 Rfd8 15.Rfd1
Qb6 16.Qxb6 axb6 17.a3 b5 18.Nd3 c6 19.Nfe5 Bh7 20.Kf1 Be7 21.Ke2 f6 22.Nf3
Kf7 23.Nd2 Bxd3+ 24.Kxd3 e5 25.Nb3 exd4 26.exd4 Nc7 27.Ke2 Ra4 28.Nc5 Bxc5
29.dxc5 Ke7 30.Rxd8 Kxd8 31.Rd1+ Ke7 32.Rd3 b4 33.Rd4 Na6 34.Re4+ Kf8 35.Kd2
Nxc5 36.Rxb4 Ra7 37.Kc2 Ke7 38.Rd4 Ne6 39.Rd3 Ra5 {#r} 1-0

[Event "Czech League 1998/99 (2nd) (b)"]
[Site "masterchessopen.com Czech Republic"]
[Round "0"]
[White "Pick Stepan (CZE)"]
[Black "Voracek Zdenek (CZE)"]
[Result "1-0"]
[WhiteElo "2244"]
[BlackElo "2067"]

1.Nf3 d5 2.d4 Nf6 3.c4 e6 4.g3 dxc4 5.Bg2 Be7 6.O-O O-O 7.Qc2 a6 8.a4 Nc6
9.Qxc4 Nb4 10.Nc3 b5 11.Qb3 Rb8 12.axb5 axb5 13.Bg5 Nbd5 14.Nxd5 Nxd5 15.Bxe7
Qxe7 16.Ne5 Bb7 17.Qxb5 Ba8 18.Qa4 Rxb2 19.Qxa8 f6 20.Nc6 Qd7 21.Qa3 Rb6
22.Bxd5 {#r} 1-0

[Event "Ch Amager"]
[Site "masterchessopen.com Denmark"]
[Round "5"]
[White "Olsen Heini (FAI)"]
[Black "Petersen Steen (DEN)"]
[Result "1-0"]
[WhiteElo "2292"]
[BlackElo "2166"]

1.d4 Nf6 2.c4 e6 3.g3 d5 4.Bg2 dxc4 5.Nf3 Be7 6.O-O O-O 7.Qc2 Bd7 8.Qxc4 Bc6
9.Nc3 a6 10.Qd3 b5 11.a3 Nbd7 12.Rd1 Qc8 13.e4 Rd8 14.Qc2 Bb7 15.b4 a5 16.Rb1
axb4 17.axb4 Ra6 18.Bf4 Qa8 19.Nd2 e5 20.dxe5 Ng4 21.Nf3 c5 22.Nd5 Bxd5
23.exd5 Ra2 24.Rb2 Rxb2 25.Qxb2 Qa4 26.Rb1 g5 27.Bd2 Ra8 28.d6 Bd8 29.h3 Nh6
30.Nxg5 {#r} 1-0

[Event "Ch Commonwealth"]
[Site "masterchessopen.com India"]
[Round "0"]
[White "Mishra Neeraj-Kumar (IND)"]
[Black "Swathi Ghate (IND)"]
[Result "0-1"]
[WhiteElo "2355"]
[BlackElo "2209"]

1.d4 Nf6 2.c4 e6 3.g3 d5 4.Bg2 dxc4 5.Nf3 Be7 6.O-O O-O 7.Qc2 c6 8.Qxc4 Nbd7
9.Qc2 Nb6 10.e4 Bd7 11.Nbd2 Rc8 12.Nb3 c5 13.dxc5 Ba4 14.Rd1 Rxc5 15.Qe2 Qc8
16.Be3 Rc2 17.Rd2 Rxd2 18.Nfxd2 Qd7 19.e5 Nfd5 20.Bd4 Rc8 21.Be4 Nb4 22.Nf3
N6d5 23.h4 b6 24.Kg2 Nxa2 25.Rxa2 Bxb3 26.Ra1 Nb4 27.Bc3 Bc4 28.Rd1 Qb5 29.Qd2
Nd5 30.Ng5 g6 31.Nf3 Nxc3 32.bxc3 Rd8 33.Nd4 Qxe5 34.Qe3 Bd5 35.f3 f5 36.Nc6
Bxc6 37.Rxd8+ Bxd8 38.Qd2 Bd5 39.Bb1 Bc7 {#R} 0-1